000 00737nam a2200217 a 4500
005 20240911064606.0
008 031119s1992 es r 000 0 spa d
020 _a8479780177
035 _aUPN01000130959
049 _aCG
050 4 _aHF5415.7
_bL3.4
100 1 _aLacrampe, Serge
245 1 0 _aLogística comercial :
_binformática y fuerza de ventas /
_cSerge Lacrampe, Anne Macquin ; tr. Ignacio Ma. Martínez de Oñate.
260 _aMadrid :
_bDíaz de Santos,
_c1992.
300 _ax, 226 p. :
_bil.
534 _pTraducción de:
_tLa logistique commerciale : informatique et force de vente
650 4 _aComercio
_99728
650 4 _aLOGISTICA DE LOS NEGOCIOS
_96024
700 1 _aMacquin, Anne,
_ecoaut.
905 _aLibro
999 _c103114
_d103114